| 000 | 00644nam a2200217Ii 4500 | ||
|---|---|---|---|
| 003 | JO-AjNU | ||
| 008 | 230606s9999||||xx |||||||||||||| ||und|| | ||
| 020 | _a978-81-7319-639-2 | ||
| 040 |
_aJO-AjNU _beng _erda _cJO-AjNU |
||
| 041 | _aeng | ||
| 050 | 1 | 4 | _aQA76.9.S88.M56.2007 |
| 100 | 3 |
_aMishra,Jibitesh/Mohanty,Ashok, _eauthor _9204 |
|
| 245 | 0 | 0 | _aDesign of Information Systems A Modern Approach |
| 250 | _a2 ed | ||
| 264 | 3 | 1 | _aNarosa Publishing House:NewDelhi,2007 |
| 300 | _a302p | ||
| 336 |
_atext _btxt _2rdacontent |
||
| 337 |
_aunmediated _bn _2rdamedia |
||
| 338 |
_avolume _bnc _2rdacarrier |
||
| 650 | 4 |
_a Information Systems _9205 |
|
| 999 |
_aE107 _c107 _d107 |
||